| 000 | 00828nam a22002297a 4500 | ||
|---|---|---|---|
| 003 | OSt | ||
| 005 | 20251205024743.0 | ||
| 008 | 251205b |||||||| |||| 00| 0 eng d | ||
| 020 | _a971-550-370-5. | ||
| 040 |
_aDWCL-Admin lib _cOC |
||
| 082 | _aFil. 306.44 R136c 1988 | ||
| 100 | _aRafael, Vicente L. | ||
| 245 |
_aContracting colonialism : _btranslation and christian conversion in Tagalog Society under Early Spanish rule / _cRafael, Vicente L. |
||
| 260 |
_a Quezon City : _bADMU Press, _cc1988 |
||
| 300 |
_axiii, 230 p. ; _c23 cm. |
||
| 504 | _aIncludes bibliographical references & index. | ||
| 650 | _a1. Anthropological linguistics. | ||
| 650 | _a2. language and culture | ||
| 650 | _a3. Language and languages-Religious aspects. | ||
| 650 | _a4. Transmutation ( Linguistics) | ||
| 942 |
_2ddc _cBK - FIL _kFil. _n0 |
||
| 999 |
_c6914 _d6914 |
||